[Event "RM-2021-0-00234"]
[Site "LSS email"]
[Date "2021.01.30"]
[Round "?"]
[White "Nichols, Scott"]
[Black "Bujdak, Pavel"]
[Result "1/2-1/2"]
[WhiteElo "2364"]
[BlackElo "2194"]
[PlyCount "39"]
[EventDate "2020.12.05"]
[EventType "tourn (corr)"]
[EventRounds "6"]
[EventCountry "GER"]
[SourceTitle "Corr 2024"]
[Source "ChessBase"]
[SourceDate "2023.10.19"]
[SourceVersion "1"]
[SourceVersionDate "2023.10.19"]
[SourceQuality "1"]

1. e4 e5 2. Nf3 Nc6 3. Bc4 Nf6 4. d3 Bc5 5. c3 d6 6. b4 Bb6 7. 0-0 0-0 8. a4 a5 9. b5 Ne7 10. Nbd2 Ng6 11. h3 c6 12. d4 d5 13. Bd3 Re8 14. Nxe5 dxe4 15. Nxe4 Nxe5 16. Nxf6+ Qxf6 17. dxe5 Rxe5 18. c4 Re8 19. Qc2 g6 20. Bb2 1/2-1/2

[Event "RM-2020-0-00229"]
[Site "LSS email"]
[Date "2020.11.23"]
[Round "?"]
[White "Nichols, Scott"]
[Black "Bujdak, Pavel"]
[Result "1/2-1/2"]
[WhiteElo "2372"]
[BlackElo "2203"]
[PlyCount "85"]
[EventDate "2020.11.02"]
[EventType "tourn (corr)"]
[EventRounds "6"]
[EventCountry "GER"]
[SourceTitle "Corr 2022"]
[Source "ChessBase"]
[SourceDate "2021.10.24"]
[SourceVersion "1"]
[SourceVersionDate "2021.10.24"]
[SourceQuality "1"]

1. g3 d5 2. Bg2 e5 3. e4 dxe4 4. Nc3 f5 5. d3 exd3 6. cxd3 Nf6 7. Nf3 Bd6 8. Qb3 Na6 9. 0-0 c6 10. Re1 Nc5 11. Qd1 0-0 12. b4 Ne6 13. Qb3 Kh8 14. Nxe5 a5 15. bxa5 f4 16. Bxf4 Qc7 17. d4 Nxf4 18. gxf4 Nh5 19. Ne4 Bxe5 20. fxe5 Nf4 21. a6 Rxa6 22. Nc5 Rb6 23. Qc3 Nxg2 24. Kxg2 Qf7 25. f3 Bh3+ 26. Kh1 Qd5 27. Re4 Be6 28. a4 Bf5 29. Re3 Bg4 30. Kg1 Bh3 31. Re4 Qf7 32. Kh1 Qg6 33. Rg1 Rb1 34. Ree1 Rxe1 35. Qxe1 Qh6 36. Ne4 Be6 37. Ng5 Bd5 38. Rg3 Qg6 39. e6 Kg8 40. e7 Re8 41. Qe5 Qb1+ 42. Rg1 Qd3 43. Kg2 1/2-1/2

[Event "SM-2020-0-00434"]
[Site "LSS email"]
[Date "2020.11.04"]
[Round "?"]
[White "Ploscaru, Stelian"]
[Black "Bujdak, Pavel"]
[Result "1/2-1/2"]
[WhiteElo "2295"]
[BlackElo "2206"]
[PlyCount "45"]
[EventDate "2020.07.12"]
[EventType "tourn (corr)"]
[EventRounds "6"]
[EventCountry "GER"]
[SourceTitle "Corr 2024"]
[Source "ChessBase"]
[SourceDate "2023.10.19"]
[SourceVersion "1"]
[SourceVersionDate "2023.10.19"]
[SourceQuality "1"]

1. e4 Nf6 2. e5 Nd5 3. d4 d6 4. Nf3 dxe5 5. Nxe5 c6 6. Be2 Bf5 7. 0-0 Nd7 8. Nf3 e6 9. c4 N5f6 10. Nh4 Bg6 11. Nc3 Bd6 12. f4 Ne4 13. Nxg6 Nxc3 14. bxc3 hxg6 15. g3 Qc7 16. Be3 Rc8 17. Qd3 Nf6 18. a4 b6 19. Bf2 0-0 20. a5 Rb8 21. Bf3 b5 22. c5 Be7 23. Rfb1 1/2-1/2

[Event "SM-2020-0-00434"]
[Site "LSS email"]
[Date "2020.10.31"]
[Round "?"]
[White "Pilgram, Kurt"]
[Black "Bujdak, Pavel"]
[Result "1/2-1/2"]
[WhiteElo "2165"]
[BlackElo "2206"]
[PlyCount "67"]
[EventDate "2020.07.12"]
[EventType "tourn (corr)"]
[EventRounds "6"]
[EventCountry "GER"]
[SourceTitle "Corr 2024"]
[Source "ChessBase"]
[SourceDate "2023.10.19"]
[SourceVersion "1"]
[SourceVersionDate "2023.10.19"]
[SourceQuality "1"]

1. e4 Nf6 2. e5 Nd5 3. d4 d6 4. c4 Nb6 5. exd6 exd6 6. h3 Be7 7. Nc3 0-0 8. Bd3 Nc6 9. Nf3 Bf6 10. 0-0 Re8 11. Bf4 g6 12. Be2 Bf5 13. g4 Bd7 14. a4 h5 15. gxh5 Bxh3 16. a5 Nd7 17. hxg6 fxg6 18. Re1 Nf8 19. c5 dxc5 20. Nb5 Rc8 21. d5 Ne5 22. Qb3 Nf7 23. Bc4 Qd7 24. Bg3 Rxe1+ 25. Rxe1 a6 26. Nc3 Nd6 27. Ne4 Nh7 28. Bd3 Re8 29. Nxc5 Rxe1+ 30. Nxe1 Qg4 31. Nxb7 Ng5 32. Nxd6 cxd6 33. Qb8+ Kg7 34. Qc7+ 1/2-1/2

[Event "SM-2020-0-00434"]
[Site "LSS email"]
[Date "2020.10.27"]
[Round "?"]
[White "Bujdak, Pavel"]
[Black "Cirulis, Ilmars"]
[Result "1/2-1/2"]
[WhiteElo "2206"]
[BlackElo "2246"]
[PlyCount "40"]
[EventDate "2020.07.12"]
[EventType "tourn (corr)"]
[EventRounds "6"]
[EventCountry "GER"]
[SourceTitle "Corr 2024"]
[Source "ChessBase"]
[SourceDate "2023.10.19"]
[SourceVersion "1"]
[SourceVersionDate "2023.10.19"]
[SourceQuality "1"]

1. e4 e5 2. Nf3 Nc6 3. Bb5 Nf6 4. 0-0 Nxe4 5. d4 Nd6 6. Bxc6 dxc6 7. dxe5 Nf5 8. Qxd8+ Kxd8 9. h3 Be7 10. Nc3 Nh4 11. Nxh4 Bxh4 12. f4 Bf5 13. Rd1+ Ke8 14. g4 Bd7 15. Ne4 h5 16. f5 hxg4 17. hxg4 c5 18. Kg2 g6 19. Nf6+ Bxf6 20. exf6 gxf5 1/2-1/2

[Event "RM-2020-0-00217"]
[Site "LSS email"]
[Date "2020.09.03"]
[Round "?"]
[White "Susla, Vitaliy"]
[Black "Bujdak, Pavel"]
[Result "1/2-1/2"]
[WhiteElo "2329"]
[BlackElo "2217"]
[PlyCount "59"]
[EventDate "2020.08.05"]
[EventType "tourn (corr)"]
[EventRounds "6"]
[EventCountry "GER"]
[SourceTitle "Corr 2022"]
[Source "ChessBase"]
[SourceDate "2021.10.24"]
[SourceVersion "1"]
[SourceVersionDate "2021.10.24"]
[SourceQuality "1"]

1. e4 c5 2. Nf3 d6 3. d4 cxd4 4. Nxd4 Nf6 5. Nc3 a6 6. h3 e6 7. g4 h6 8. Bg2 Be7 9. Be3 Nc6 10. f4 Nd7 11. 0-0 0-0 12. Nce2 Nxd4 13. Nxd4 e5 14. Nf5 exf4 15. Bxf4 Ne5 16. Qd2 Bxf5 17. exf5 Rc8 18. b3 b5 19. Rfe1 Bf6 20. Rad1 Re8 21. Kh1 Rc7 22. c3 Rce7 23. Bd5 Bg5 24. Bxg5 hxg5 25. c4 bxc4 26. bxc4 Nd7 27. Rxe7 Rxe7 28. Bg2 Nc5 29. Bf3 Ne4 30. Qc2 1/2-1/2

[Event "RM-2020-0-00217"]
[Site "LSS email"]
[Date "2020.09.02"]
[Round "?"]
[White "Bujdak, Pavel"]
[Black "Nichols, Scott"]
[Result "0-1"]
[WhiteElo "2217"]
[BlackElo "2387"]
[PlyCount "96"]
[EventDate "2020.08.05"]
[EventType "tourn (corr)"]
[EventRounds "6"]
[EventCountry "GER"]
[SourceTitle "Corr 2022"]
[Source "ChessBase"]
[SourceDate "2021.10.24"]
[SourceVersion "1"]
[SourceVersionDate "2021.10.24"]
[SourceQuality "1"]

1. e4 e5 2. Nf3 Nc6 3. Bb5 Nf6 4. d3 Bc5 5. c3 0-0 6. 0-0 d6 7. Ba4 a6 8. Bg5 h6 9. Bh4 g5 10. Bg3 Ba7 11. Nbd2 Nh7 12. h3 h5 13. Kh1 Kh8 14. Ng1 f5 15. Qxh5 f4 16. Bh2 Bd7 17. Bxc6 Bxc6 18. d4 Qe7 19. dxe5 dxe5 20. Ngf3 Qg7 21. h4 Be8 22. Qg4 Bd7 23. Qh5 g4 24. Ng5 Kg8 25. Nxh7 Qxh7 26. Qxh7+ Kxh7 27. Nc4 Bb5 28. b3 Bxc4 29. bxc4 Rad8 30. Bg1 Rd2 31. Rad1 Rfd8 32. Rb1 b6 33. a4 Kh6 34. a5 Kh5 35. g3 f3 36. axb6 Bxb6 37. c5 Bxc5 38. Ra1 Bb6 39. Rxa6 Rc2 40. Ra3 Kg6 41. Kh2 Kf7 42. Kh1 Rd3 43. Ra8 Rdxc3 44. Rh8 Rc1 45. Rxc1 Rxc1 46. Kh2 Re1 47. Rh7+ Kg6 48. Rh8 Rxe4 0-1

[Event "RM-2020-0-00217"]
[Site "LSS email"]
[Date "2020.09.02"]
[Round "?"]
[White "Denisov, Timofey"]
[Black "Bujdak, Pavel"]
[Result "1-0"]
[WhiteElo "2210"]
[BlackElo "2217"]
[PlyCount "143"]
[EventDate "2020.08.05"]
[EventType "tourn (corr)"]
[EventRounds "6"]
[EventCountry "GER"]
[SourceTitle "Corr 2022"]
[Source "ChessBase"]
[SourceDate "2021.10.24"]
[SourceVersion "1"]
[SourceVersionDate "2021.10.24"]
[SourceQuality "1"]

1. e4 c5 2. Nf3 d6 3. d4 cxd4 4. Nxd4 Nf6 5. Nc3 a6 6. Bg5 Nbd7 7. f4 Qc7 8. Qf3 b5 9. a3 Bb7 10. g4 e6 11. 0-0-0 Be7 12. Bg2 Rc8 13. Bxf6 Bxf6 14. g5 Bxd4 15. Rxd4 a5 16. Rhd1 0-0 17. Rxd6 Bc6 18. R6d4 Rb8 19. Na2 Rfc8 20. R1d2 b4 21. axb4 axb4 22. Nxb4 Bb5 23. Kb1 e5 24. fxe5 Nxe5 25. Qg3 Re8 26. c3 Bc4 27. Bh3 Qc5 28. Bg4 Nxg4 29. Qxg4 Bb3 30. Nd3 Qa5 31. Nc1 Be6 32. Qg3 g6 33. R2d3 Rec8 34. Qf4 Qa6 35. Rd6 Qa8 36. h4 Rc4 37. R6d4 Rcc8 38. Qf6 Qa5 39. Rd6 Re8 40. b4 Qc7 41. Qf2 Qc4 42. Qf3 Rec8 43. Kc2 Qb5 44. Kb2 Qe5 45. R3d4 Qh2+ 46. Qe2 Qxh4 47. Qd2 h5 48. gxh6 Qe7 49. Qf4 Rb5 50. Nd3 Kh7 51. Ne5 g5 52. Qg3 Ra8 53. Nd7 Bxd7 54. Rxd7 Qe6 55. R4d5 Rxd5 56. Rxd5 f6 57. Qd3 Kxh6 58. e5 Qg4 59. exf6 Qg2+ 60. Qd2 Qg1 61. f7 Qa1+ 62. Kb3 Qa4+ 63. Kc4 Qc6+ 64. Kd4 Qf6+ 65. Ke4 Qe6+ 66. Kf3 Qh3+ 67. Ke2 Qh4 68. Kd3 Rf8 69. Rd6+ Kg7 70. Kc2 Rxf7 71. Qd4+ Qxd4 72. Rxd4 1-0

[Event "RM-2020-0-00208"]
[Site "LSS email"]
[Date "2020.05.01"]
[Round "?"]
[White "Bujdak, Pavel"]
[Black "Sorcinelli, Andrea"]
[Result "1/2-1/2"]
[WhiteElo "2218"]
[BlackElo "2274"]
[PlyCount "42"]
[EventDate "2020.04.09"]
[EventType "tourn (corr)"]
[EventRounds "6"]
[EventCountry "GER"]
[SourceTitle "Corr 2022"]
[Source "ChessBase"]
[SourceDate "2021.10.24"]
[SourceVersion "1"]
[SourceVersionDate "2021.10.24"]
[SourceQuality "1"]

1. e4 e5 2. Nf3 Nc6 3. Bb5 Nf6 4. 0-0 Nxe4 5. d4 Nd6 6. Bxc6 dxc6 7. dxe5 Nf5 8. Qxd8+ Kxd8 9. h3 Be7 10. Nc3 Nh4 11. Nxh4 Bxh4 12. g4 h5 13. f3 b6 14. Kg2 Ke7 15. Bf4 Bb7 16. a4 c5 17. a5 Rhd8 18. axb6 axb6 19. Rxa8 Bxa8 20. gxh5 Ke6 21. Rd1 Rxd1 1/2-1/2

[Event "RM-2020-0-00208"]
[Site "LSS email"]
[Date "2020.05.01"]
[Round "?"]
[White "Enev, Zlatko"]
[Black "Bujdak, Pavel"]
[Result "1-0"]
[WhiteElo "2315"]
[BlackElo "2218"]
[PlyCount "111"]
[EventDate "2020.04.09"]
[EventType "tourn (corr)"]
[EventRounds "6"]
[EventCountry "GER"]
[SourceTitle "Corr 2022"]
[Source "ChessBase"]
[SourceDate "2021.10.24"]
[SourceVersion "1"]
[SourceVersionDate "2021.10.24"]
[SourceQuality "1"]

1. Nf3 Nf6 2. c4 e6 3. g3 a6 4. Bg2 b5 5. b3 Bb7 6. Nc3 b4 7. Na4 d6 8. 0-0 Nbd7 9. d4 Be7 10. d5 exd5 11. Nh4 Ne4 12. cxd5 Bf6 13. Rb1 Ndc5 14. Qc2 Nc3 15. Nxc3 Bxc3 16. a3 0-0 17. axb4 Bxb4 18. Bb2 Bc8 19. Rbd1 f6 20. Rd4 a5 21. Bf3 Bd7 22. Bg4 Qe8 23. Rc1 Rd8 24. Bxd7 Rxd7 25. Nf5 g6 26. Rg4 Kh8 27. Nd4 Re7 28. e3 Re5 29. Ne6 Nxe6 30. Bxe5 fxe5 31. dxe6 Qxe6 32. Rc4 Bc5 33. Rxc5 dxc5 34. Qxc5 Qf6 35. Rc2 Qd6 36. Kg2 Kg8 37. Qxa5 Qd3 38. Qd2 Qe4+ 39. Kg1 Rf7 40. h4 Kg7 41. Rc3 c6 42. Qc2 Qxc2 43. Rxc2 Rf6 44. Kg2 Kf7 45. Rc5 Re6 46. b4 e4 47. h5 Ke7 48. hxg6 hxg6 49. Rc4 Kd6 50. f4 exf3+ 51. Kxf3 Kc7 52. b5 Rf6+ 53. Kg4 c5 54. Rxc5+ Kd7 55. Rc6 Rf5 56. Rxg6 1-0

[Event "SM-2020-0-00424"]
[Site "LSS email"]
[Date "2020.04.08"]
[Round "?"]
[White "Corti, Horacio"]
[Black "Bujdak, Pavel"]
[Result "1/2-1/2"]
[WhiteElo "2220"]
[BlackElo "2215"]
[PlyCount "61"]
[EventDate "2020.02.14"]
[EventType "tourn (corr)"]
[EventRounds "6"]
[EventCountry "GER"]
[SourceTitle "Corr 2024"]
[Source "ChessBase"]
[SourceDate "2023.10.19"]
[SourceVersion "1"]
[SourceVersionDate "2023.10.19"]
[SourceQuality "1"]

1. d4 Nf6 2. Nf3 e6 3. c4 d5 4. g3 Bb4+ 5. Bd2 Be7 6. Bg2 0-0 7. 0-0 Nbd7 8. Qc2 c6 9. Bf4 b6 10. Nbd2 Nh5 11. Be5 Bb7 12. cxd5 exd5 13. e4 Rc8 14. Rfe1 f6 15. Bf4 Nxf4 16. gxf4 Kh8 17. Rad1 Rc7 18. a3 b5 19. Nh4 Nb6 20. Nf5 Bc8 21. Nxe7 Rxe7 22. Qxc6 dxe4 23. Nxe4 Rfe8 24. Qc3 h6 25. Ng3 Na4 26. Qd2 Rxe1+ 27. Rxe1 Rxe1+ 28. Qxe1 Nxb2 29. Qb4 Nd3 30. Qd2 Nc5 31. Qe3 1/2-1/2

[Event "SM-2020-0-00424"]
[Site "LSS email"]
[Date "2020.04.08"]
[Round "?"]
[White "Khlopov, Sergej"]
[Black "Bujdak, Pavel"]
[Result "1/2-1/2"]
[WhiteElo "2273"]
[BlackElo "2215"]
[PlyCount "117"]
[EventDate "2020.02.14"]
[EventType "tourn (corr)"]
[EventRounds "6"]
[EventCountry "GER"]
[SourceTitle "Corr 2024"]
[Source "ChessBase"]
[SourceDate "2023.10.19"]
[SourceVersion "1"]
[SourceVersionDate "2023.10.19"]
[SourceQuality "1"]

1. c4 e5 2. Nc3 Nf6 3. Nf3 Nc6 4. g3 d5 5. cxd5 Nxd5 6. d3 Be7 7. Nxd5 Qxd5 8. Bg2 Be6 9. 0-0 Qd7 10. Be3 0-0 11. a3 f6 12. Nd2 Nd8 13. b4 c6 14. Qa4 Nf7 15. Rfc1 f5 16. Bc5 a6 17. Qc2 h6 18. Rab1 Rfe8 19. Bxe7 Qxe7 20. Qc3 Qd7 21. a4 Rad8 22. Nc4 Qd4 23. Qxd4 Rxd4 24. Na5 Nd6 25. Bf1 g5 26. e3 Rd5 27. Nb3 Kg7 28. Nc5 Bf7 29. h3 Bh5 30. Bg2 e4 31. dxe4 fxe4 32. a5 Be2 33. Re1 Bh5 34. Rbc1 Re7 35. g4 Bf7 36. Bf1 h5 37. Be2 h4 38. Rc2 Nb5 39. Rc4 Nd6 40. Rc2 Nb5 41. Ra1 Kg6 42. Bc4 Rde5 43. Bxf7+ Kxf7 44. Rd1 Rd5 45. Rcc1 Kf6 46. Kf1 Nd6 47. Ke2 Nb5 48. Rd2 Rxd2+ 49. Kxd2 Ke5 50. Ke2 Nd6 51. Rf1 Kd5 52. Rd1+ Ke5 53. Rd4 Rg7 54. Nb3 Rd7 55. Ke1 Rf7 56. Nd2 Rf8 57. Kf1 Rc8 58. Ke2 Rc7 59. Nb3 1/2-1/2

[Event "RM-2020-0-00205"]
[Site "LSS email"]
[Date "2020.04.06"]
[Round "?"]
[White "Bujdak, Pavel"]
[Black "Koch, Christian"]
[Result "1/2-1/2"]
[WhiteElo "2218"]
[BlackElo "2317"]
[PlyCount "74"]
[EventDate "2020.02.28"]
[EventType "tourn (corr)"]
[EventRounds "6"]
[EventCountry "GER"]
[SourceTitle "Corr 2022"]
[Source "ChessBase"]
[SourceDate "2021.10.24"]
[SourceVersion "1"]
[SourceVersionDate "2021.10.24"]
[SourceQuality "1"]

1. e4 c5 2. Nf3 d6 3. d4 cxd4 4. Nxd4 Nf6 5. Nc3 a6 6. Bg5 e6 7. f4 Qb6 8. a3 Nbd7 9. Bh4 e5 10. Nf3 Be7 11. Bf2 Qc7 12. Bd3 b5 13. 0-0 Bb7 14. Qd2 0-0 15. Rae1 Rad8 16. a4 bxa4 17. Nxa4 Rb8 18. b3 Nh5 19. fxe5 dxe5 20. Kh1 Nf4 21. Bc4 Bc6 22. Bxa6 h6 23. Rd1 Bb4 24. Qe3 Nf6 25. Qa7 Qxa7 26. Bxa7 Ra8 27. Bc5 Rfe8 28. Bxb4 Rxa6 29. Nxe5 Bxa4 30. bxa4 Rxa4 31. Rxf4 Rxe5 32. Rd8+ Kh7 33. Bc3 Rexe4 34. Rf1 Ng8 35. Rd7 f6 36. h3 Re7 37. Rd4 Ra2 1/2-1/2

[Event "RM-2020-0-00205"]
[Site "LSS email"]
[Date "2020.04.06"]
[Round "?"]
[White "Bujdak, Pavel"]
[Black "Misericordia, Antonio"]
[Result "1/2-1/2"]
[WhiteElo "2218"]
[BlackElo "2298"]
[PlyCount "79"]
[EventDate "2020.02.28"]
[EventType "tourn (corr)"]
[EventRounds "6"]
[EventCountry "GER"]
[SourceTitle "Corr 2022"]
[Source "ChessBase"]
[SourceDate "2021.10.24"]
[SourceVersion "1"]
[SourceVersionDate "2021.10.24"]
[SourceQuality "1"]

1. e4 c5 2. Nf3 Nc6 3. d4 cxd4 4. Nxd4 Nf6 5. Nc3 e6 6. Nxc6 bxc6 7. e5 Nd5 8. Ne4 Qc7 9. f4 Qb6 10. c4 Ne3 11. Qd3 Nf5 12. g4 Nd4 13. Bg2 h5 14. g5 h4 15. Nc3 Bb7 16. Bd2 0-0-0 17. Na4 Qa6 18. Qxd4 Qxa4 19. Qc3 d6 20. Qb3 Qxb3 21. axb3 Rd7 22. Rf1 dxe5 23. fxe5 Bc5 24. Bf3 Rhd8 25. Ba5 Bb6 26. b4 Bxa5 27. bxa5 c5 28. Be2 Bc6 29. Rd1 Kb7 30. Rf4 h3 31. Rb1 g6 32. b4 cxb4 33. Rxb4+ Kc8 34. Rb3 Rc7 35. a6 Bg2 36. Bd3 Rdd7 37. Kd2 Rc5 38. Rb5 Rxb5 39. cxb5 Kc7 40. Rc4+ 1/2-1/2

[Event "RM-2020-0-00205"]
[Site "LSS email"]
[Date "2020.04.06"]
[Round "?"]
[White "Bujdak, Pavel"]
[Black "Willmann, Bernd"]
[Result "1/2-1/2"]
[WhiteElo "2218"]
[BlackElo "2348"]
[PlyCount "52"]
[EventDate "2020.02.28"]
[EventType "tourn (corr)"]
[EventRounds "6"]
[EventCountry "GER"]
[SourceTitle "Corr 2022"]
[Source "ChessBase"]
[SourceDate "2021.10.24"]
[SourceVersion "1"]
[SourceVersionDate "2021.10.24"]
[SourceQuality "1"]

1. e4 c5 2. Nf3 d6 3. d4 cxd4 4. Nxd4 Nf6 5. Nc3 a6 6. Be3 e5 7. Nb3 Be6 8. f3 Be7 9. Qd2 0-0 10. 0-0-0 Nbd7 11. g4 b5 12. g5 Nh5 13. Nd5 Bxd5 14. exd5 f6 15. gxf6 Bxf6 16. Na5 Qe8 17. Bh3 Nf4 18. Bxf4 exf4 19. Nc6 Ne5 20. Rhe1 Kh8 21. Nxe5 Bxe5 22. c3 a5 23. Re4 Rb8 24. Kb1 Rb7 25. Qf2 g5 26. Be6 Qg6 1/2-1/2

[Event "SM-2020-0-00420"]
[Site "LSS email"]
[Date "2020.02.07"]
[Round "?"]
[White "Koch, Christian"]
[Black "Bujdak, Pavel"]
[Result "1-0"]
[WhiteElo "2274"]
[BlackElo "2204"]
[PlyCount "71"]
[EventDate "2020.01.18"]
[EventType "tourn (corr)"]
[EventRounds "6"]
[EventCountry "GER"]
[SourceTitle "Corr 2022"]
[Source "ChessBase"]
[SourceDate "2021.10.24"]
[SourceVersion "1"]
[SourceVersionDate "2021.10.24"]
[SourceQuality "1"]

1. e4 c5 2. Nc3 Nc6 3. Nf3 d6 4. d4 cxd4 5. Nxd4 Nf6 6. Bg5 e6 7. Qd2 a6 8. 0-0-0 Bd7 9. f4 b5 10. Bxf6 gxf6 11. Kb1 Qb6 12. Nxc6 Bxc6 13. f5 b4 14. Ne2 e5 15. Ng3 h5 16. h4 Qc5 17. b3 Kd8 18. Bd3 Bh6 19. Qe2 Qe3 20. Nxh5 Ke7 21. Qf1 Bxe4 22. g4 Bxh1 23. Qxh1 Qb6 24. Bc4 Raf8 25. g5 fxg5 26. Ng3 gxh4 27. f6+ Kd7 28. Nf5 Kc7 29. a3 d5 30. Ne7 Rd8 31. Nxd5+ Rxd5 32. Qxd5 Kb8 33. axb4 h3 34. Qxe5+ Qc7 35. Qh5 h2 36. Ka2 1-0

[Event "ZH-2020-0-01823"]
[Site "LSS email"]
[Date "2020.02.05"]
[Round "?"]
[White "Lounek, Jan"]
[Black "Bujdak, Pavel"]
[Result "1/2-1/2"]
[WhiteElo "2538"]
[BlackElo "2204"]
[PlyCount "91"]
[EventDate "2020.02.03"]
[EventType "match (corr)"]
[EventRounds "2"]
[EventCountry "GER"]
[SourceTitle "Corr 2022"]
[Source "ChessBase"]
[SourceDate "2021.10.24"]
[SourceVersion "1"]
[SourceVersionDate "2021.10.24"]
[SourceQuality "1"]

1. d4 Nf6 2. c4 e6 3. Nf3 d5 4. Nc3 c6 5. Bg5 h6 6. Bh4 dxc4 7. e4 g5 8. Bg3 b5 9. Be2 Bb7 10. 0-0 Nbd7 11. Ne5 Bg7 12. Nxd7 Nxd7 13. Bd6 a6 14. a4 b4 15. Bxb4 Qb6 16. Ba3 Qxd4 17. Qc2 c5 18. Rad1 Qe5 19. Bxc4 Qc7 20. Ne2 Be5 21. Kh1 0-0 22. b3 Nf6 23. Bd3 Rfd8 24. f3 Bxh2 25. Qxc5 Rd7 26. Qxc7 Bxc7 27. Bb2 Nh7 28. Bc4 Nf8 29. Nc1 a5 30. Rxd7 Nxd7 31. Nd3 Ba6 32. Bxa6 Rxa6 33. Rc1 Ra7 34. Kg1 Rb7 35. Kf2 f5 36. exf5 exf5 37. Ke2 Kf7 38. Rc6 Bd8 39. Rxh6 Rxb3 40. Rd6 Nc5 41. Bh8 Nxd3 42. Rxd3 Rb8 43. Be5 Ra8 44. Rd6 Be7 45. Rc6 Rd8 46. Bc3 1/2-1/2

[Event "RA-2019-0-00654"]
[Site "LSS email"]
[Date "2019.12.31"]
[Round "?"]
[White "Bujdak, Pavel"]
[Black "Billio, Maria"]
[Result "1/2-1/2"]
[WhiteElo "2190"]
[BlackElo "2098"]
[PlyCount "68"]
[EventDate "2019.12.03"]
[EventType "tourn (corr)"]
[EventRounds "6"]
[EventCountry "GER"]
[SourceTitle "Corr 2022"]
[Source "ChessBase"]
[SourceDate "2021.10.24"]
[SourceVersion "1"]
[SourceVersionDate "2021.10.24"]
[SourceQuality "1"]

1. e4 c6 2. d4 d5 3. e5 c5 4. dxc5 Nc6 5. f4 Nh6 6. Nf3 e6 7. Be3 Be7 8. c3 0-0 9. Bd3 Ng4 10. Bd4 b6 11. cxb6 f6 12. exf6 Bxf6 13. Bc5 Be7 14. Bxh7+ Kh8 15. Bxe7 Nxe7 16. b7 Bxb7 17. Bd3 Qb6 18. Qe2 Rxf4 19. Nbd2 Nf5 20. g3 Ra4 21. b3 Ra5 22. a4 Ba6 23. Bxa6 Rxa6 24. Ng5 Nfe3 25. Qd3 Nf6 26. Ke2 Neg4 27. Raf1 Qb7 28. h3 Ne5 29. Qe3 Ned7 30. Kf2 Kg8 31. Kg1 Qb6 32. Re1 Nc5 33. a5 Qb5 34. b4 Nd3 1/2-1/2

[Event "RA-2019-0-00654"]
[Site "LSS email"]
[Date "2019.12.31"]
[Round "?"]
[White "Ploscaru, Stelian"]
[Black "Bujdak, Pavel"]
[Result "1/2-1/2"]
[WhiteElo "2227"]
[BlackElo "2190"]
[PlyCount "61"]
[EventDate "2019.12.03"]
[EventType "tourn (corr)"]
[EventRounds "6"]
[EventCountry "GER"]
[SourceTitle "Corr 2022"]
[Source "ChessBase"]
[SourceDate "2021.10.24"]
[SourceVersion "1"]
[SourceVersionDate "2021.10.24"]
[SourceQuality "1"]

1. e4 c5 2. Nf3 d6 3. d4 cxd4 4. Nxd4 Nf6 5. Nc3 a6 6. Bg5 e6 7. f4 Qb6 8. Nb3 Nbd7 9. Qe2 Qc7 10. 0-0-0 Be7 11. g4 h6 12. Bh4 g5 13. fxg5 Nh7 14. Bg3 hxg5 15. h4 gxh4 16. Bxh4 Ng5 17. Nd4 Ne5 18. Nf5 exf5 19. Nd5 Qd8 20. exf5 Bd7 21. Qd2 f6 22. Bg2 Ngf7 23. Bf2 Rxh1 24. Rxh1 Bc6 25. Bb6 Qc8 26. Nc7+ Kd7 27. Bd5 Bxd5 28. Qxd5 Rb8 29. Qb3 Qf8 30. a3 Qg7 31. Qe6+ 1/2-1/2

[Event "RA-2019-0-00651"]
[Site "LSS email"]
[Date "2019.12.14"]
[Round "?"]
[White "Sorcinelli, Andrea"]
[Black "Bujdak, Pavel"]
[Result "1/2-1/2"]
[WhiteElo "2251"]
[BlackElo "2188"]
[PlyCount "48"]
[EventDate "2019.11.19"]
[EventType "tourn (corr)"]
[EventRounds "6"]
[EventCountry "GER"]
[SourceTitle "Corr 2022"]
[Source "ChessBase"]
[SourceDate "2021.10.24"]
[SourceVersion "1"]
[SourceVersionDate "2021.10.24"]
[SourceQuality "1"]

1. e4 c5 2. Nf3 d6 3. Bb5+ Nd7 4. 0-0 Ngf6 5. Re1 a6 6. Bf1 b6 7. d4 cxd4 8. Nxd4 Bb7 9. f3 e6 10. c4 Be7 11. Nc3 Rc8 12. Be3 0-0 13. Qd2 Qc7 14. Rac1 Qb8 15. b3 Ne5 16. Na4 Bd8 17. Nc3 Re8 18. Bf2 Ng6 19. Red1 Bc7 20. g3 h5 21. Kg2 h4 22. Re1 Bd8 23. Na4 Nd7 24. Kg1 Be7 1/2-1/2

[Event "RA-2019-0-00650"]
[Site "LSS email"]
[Date "2019.12.03"]
[Round "?"]
[White "Loktaev, Val"]
[Black "Bujdak, Pavel"]
[Result "0-1"]
[WhiteElo "2135"]
[BlackElo "2185"]
[PlyCount "38"]
[EventDate "2019.11.16"]
[EventType "tourn (corr)"]
[EventRounds "6"]
[EventCountry "GER"]
[SourceTitle "Corr 2022"]
[Source "ChessBase"]
[SourceDate "2021.10.24"]
[SourceVersion "1"]
[SourceVersionDate "2021.10.24"]
[SourceQuality "1"]

1. e4 c5 2. Nf3 d6 3. d4 cxd4 4. Nxd4 Nf6 5. Nc3 a6 6. h3 e5 7. Nde2 h5 8. g3 Nbd7 9. Bg5 Be7 10. a4 Nc5 11. Bg2 Be6 12. 0-0 0-0 13. a5 Rc8 14. b3 Re8 15. Ra2 Qd7 16. Bxf6 Bxf6 17. h4 g6 18. Nd5 Bxd5 19. Qxd5 Qc6 0-1